=LDR 00000nam 2200000 4500 =001 INLIS000000000021983 =005 20130612120803 =008 ***********************************Ind** =035 ##$$0010-061300000021983 =041 ##$$a Ind =082 ##$$a 959.8 =090 ##$$a 959.8, Sej s =245 ##$$a Sejarah sekolah menengah umum =260 ##$$a 1997 $b Semarang =300 ##$$a 137 hlm, ilus, 21 cm =650 ##$$a Sejarah-Studi dan pengajaran =850 ##$$a NBPNMAT